| 000 | 01849nam a2200409 c 4500 | ||
|---|---|---|---|
| 001 | 58353 | ||
| 003 | CO-BoRNBP | ||
| 005 | 20250821211039.0 | ||
| 007 | ta | ||
| 008 | 140918s2013 ck a|||br||||000 0jsspa d | ||
| 020 | _a9588654661 | ||
| 020 | _a9789588654669 | ||
| 040 |
_aCO-BoRNBP _bspa _erda _cCO-BoRNBP |
||
| 041 | 1 |
_aspa _hger |
|
| 043 | _ae-be--- | ||
| 084 | _aA | ||
| 100 |
_aSlegers, Liesbest, _d1975- _eaut |
||
| 245 | 1 | 0 |
_aNacho viaja con su abuela / _cLiesbet Slegers ; traducción P. Rozarena. |
| 250 | _aEdición especial para el Ministerio de Cultura | ||
| 264 | 1 |
_aBogotá, Colombia : _bEdelvives, _c2013 |
|
| 300 |
_a[24] páginas sin enumerar : _bilustraciones a color |
||
| 336 |
_atexto _btxt _2rdacontenido |
||
| 337 |
_asin mediación _bn _2rdamedio |
||
| 338 |
_avolumen _bnc _2rdasoporte |
||
| 490 | 0 |
_aColección para la Primera Infancia del Ministerio de Cultura - Primera Infancia 2013 _aPlan Nacional de Lectura y Escritura Leer es mi cuento |
|
| 490 | 0 |
_aNacho _vVol. 3 |
|
| 520 | _aNacho nunca ha salido de viaje sin sus padres; esta vez lo hará solo con su abuela; al llegar al aeropuerto tendrán que hacer primero una larga fila: ¡cuánta gente de viaje! Ya en el avión la fuerza del despegue le produce mucha angustia pero la compañía de su osito le dispensa confianza. Viajar en avión es seguro y divertido, además Nacho tendrá la suerte de hacer abordo un nuevo amigo | ||
| 521 | _aRecomendado para niños de 0 a 2 años | ||
| 534 | _tKarel in het viegtuig | ||
| 650 | 0 | 4 |
_aÁlbumes infantiles belgas _ySiglo XX _2LEMB _9886 |
| 650 | 0 | 7 |
_aAviones en la literatura _2lemb _962999 |
| 650 | 0 | 4 |
_aLiteratura infantil belga _ySiglo XX _2LEMB _9887 |
| 650 | 0 | 4 |
_aMiedo en niños _2LEMB _963000 |
| 650 | 0 | 7 |
_aViajes en la literataura _2lemb |
| 700 |
_aRozarena, P. _etrl _963001 |
||
| 942 |
_2loc _cBKLITI |
||
| 999 |
_c58353 _d58353 |
||